Working with plywood, including indoor/outdoor projects / (Record no. 68995)

000 -LEADER
fixed length control field 00794pam a2200265 i 4500
001 - CONTROL NUMBER
control field 4171772
003 - CONTROL NUMBER IDENTIFIER
control field NUST - PNEC
005 - DATE AND TIME OF LATEST TRANSACTION
control field 20170116181108.0
008 - FIXED-LENGTH DATA ELEMENTS--GENERAL INFORMATION
fixed length control field 790426s1979 paua 001 0 eng
010 ## - LIBRARY OF CONGRESS CONTROL NUMBER
LC control number 79012563
020 ## - INTERNATIONAL STANDARD BOOK NUMBER
International Standard Book Number 0830697861 :
Terms of availability $12.95
020 ## - INTERNATIONAL STANDARD BOOK NUMBER
International Standard Book Number 0830611444 (pbk.) :
Terms of availability $7.95
040 ## - CATALOGING SOURCE
Original cataloging agency DLC
Transcribing agency LIBRARY
Modifying agency DLC
050 00 - LIBRARY OF CONGRESS CALL NUMBER
Classification number TT191
Item number .S44
082 00 - DEWEY DECIMAL CLASSIFICATION NUMBER
Classification number 674.834 SEL
100 1# - MAIN ENTRY--PERSONAL NAME
Personal name Self, Charles R.
245 10 - TITLE STATEMENT
Title Working with plywood, including indoor/outdoor projects /
Statement of responsibility, etc. by Charles R. Self.
250 ## - EDITION STATEMENT
Edition statement 1st ed.
260 ## - PUBLICATION, DISTRIBUTION, ETC.
Place of publication, distribution, etc. Blue Ridge Summit, Pa. :
Name of publisher, distributor, etc. Tab Books,
Date of publication, distribution, etc. 1979.
300 ## - PHYSICAL DESCRIPTION
Extent 384 p. :
Other physical details ill. ;
Dimensions 22 cm.
500 ## - GENERAL NOTE
General note Includes index.
650 ## - SUBJECT ADDED ENTRY--TOPICAL TERM
9 (RLIN) 12721
Topical term following geographic name entry element Mechanical engineering
General subdivision ME
906 ## - LOCAL DATA ELEMENT F, LDF (RLIN)
a 7
b cbc
c orignew
d 1
e ocip
f 19
g y-gencatlg
942 ## - ADDED ENTRY ELEMENTS (KOHA)
Source of classification or shelving scheme
Koha item type Book
Holdings
Withdrawn status Lost status Source of classification or shelving scheme Damaged status Not for loan Permanent Location Current Location Shelving location Date acquired Total Checkouts Full call number Barcode Date last seen Price effective from Koha item type
          Pakistan Navy Engineering College (PNEC) Pakistan Navy Engineering College (PNEC)       674.834 SEL PNECLIB-008653 10/03/2015   Book
© 2023 Central Library, National University of Sciences and Technology. All Rights Reserved.